Salomé (Record no. 142558)

MARC details
000 -LEADER
campo de control de longitud fija 00717nam a2200205 i 4500
001 - NÚMERO DE CONTROL
campo de control 142558
003 - IDENTIFICADOR DE NÚMERO DE CONTROL
campo de control ES-MaACL
005 - FECHA Y HORA DE LA ÚLTIMA TRANSACCIÓN
campo de control 20250702063105.0
007 - CAMPO FIJO DE DESCRIPCIÓN FÍSICA--INFORMACIÓN GENERAL
campo de control de longitud fija t|
008 - DATOS DE LONGITUD FIJA--INFORMACIÓN GENERAL
campo de control de longitud fija 071008s1953 sp af |||| | spa d
100 1# - ENTRADA PRINCIPAL--NOMBRE DE PERSONA
Nombre de persona Wilde, Oscar,
Fechas asociadas al nombre 1854-1900
9 (RLIN) 241147
245 10 - MENCIÓN DEL TÍTULO
Título Salomé
Resto del título : drama en un acto /
Mención de responsabilidad, etc. Oscar Wilde ; traducción de Manuel Conde López ; aguafuertes y ornamentos de Andrés Lambert.
260 ## - PUBLICACIÓN, DISTRIBUCIÓN, ETC.
Lugar de publicación, distribución, etc. Madrid :
Nombre del editor, distribuidor, etc. Mayfé,
Fecha de publicación, distribución, etc. 1953.
300 ## - DESCRIPCIÓN FÍSICA
Extensión 99 p., [10] h. de lám. col. sueltas :
Otras características físicas il. ;
Dimensiones 31 cm.
599 ## - NOTA A LAS ILUSTRACIONES
NOTA A LAS ILUSTRACIONES Las [10] h. de lám. son aguafuertes.
700 1# - ENTRADA AGREGADA--NOMBRE PERSONAL
Nombre de persona Conde López, Manuel.
9 (RLIN) 40125
700 1# - ENTRADA AGREGADA--NOMBRE PERSONAL
Nombre de persona Lambert, Andrés.
9 (RLIN) 69805
852 ## - LOCALIZACIÓN
Ubicación ES-MaACL
Número de control de estantería C-29025
Holdings
Estatus retirado Estado de pérdida Estado de daño No para préstamo Biblioteca de origen Biblioteca actual Ubicación en estantería Fecha de adquisición Fuente de adquisición Total de préstamos Signatura topográfica completa Código de barras Visto por última vez Precio de reemplazo Tipo de ítem Koha
        Biblioteca del Ateneo de Madrid Biblioteca del Ateneo de Madrid Depósito 2 17/01/2008     C-29025 1148332 23/02/2023 23/02/2023 Libro impreso